[Event "IND-ch U13"]
[Site "Puducherry"]
[Date "2013.07.02"]
[Round "4"]
[White "Puranik, Abhimanyu Sameer"]
[Black "Sahu, Shekhar"]
[Result "1-0"]
[WhiteElo "2185"]
[BlackElo "1817"]
[PlyCount "101"]
[EventDate "2013.06.30"]
[EventType "swiss"]
[EventRounds "11"]
[EventCountry "IND"]
[SourceTitle "EXT 2014"]
[Source "ChessBase"]
[SourceDate "2013.11.20"]
[SourceVersion "1"]
[SourceVersionDate "2013.11.20"]
[SourceQuality "1"]

1. e4 c5 2. Nf3 Nc6 3. d4 cxd4 4. Nxd4 Qb6 5. Nb3 Nf6 6. Nc3 e6 7. Be3 Qc7 8. Be2 a6 9. 0-0 b5 10. Bf3 Bb7 11. Re1 d6 12. Bf4 Ne5 13. a4 bxa4 14. Rxa4 Be7 15. Be2 0-0 16. Bg3 Qb6 17. Qd4 Qxd4 18. Rxd4 Nc6 19. Ra4 Nd7 20. Rd1 Nb6 21. Raa1 Rfd8 22. Na5 Nxa5 23. Rxa5 Bf6 24. f3 Rac8 25. Rxd6 Rxd6 26. Bxd6 Bxc3 27. bxc3 Rxc3 28. Bd3 Rc6 29. e5 Nc4 30. Ra4 Nb6 31. Rd4 g6 32. Be4 Nd5 33. c4 Nc3 34. Bxc6 Bxc6 35. Kf2 g5 36. Bb4 Na2 37. Bd2 a5 38. Bxa5 Nc1 39. Rd6 Ba4 40. c5 Nb3 41. Bb6 Bb5 42. c6 Ba6 43. c7 Nc1 44. Be3 Nb3 45. Rxa6 Kg7 46. c8Q Nc5 47. Bxc5 g4 48. fxg4 h5 49. gxh5 f6 50. Qf8+ Kh7 51. Ra7# 1-0